| 000 | nam a22 7a 4500 | ||
|---|---|---|---|
| 999 |
_c25162 _d25162 |
||
| 008 | 170131b xxu||||| |||| 00| 0 eng d | ||
| 020 | _a0325028796 | ||
| 020 | _a9780325028798 | ||
| 050 | _aLB 1576 .P56 2011 | ||
| 100 | _aPinnell, Gay Su | ||
| 245 |
_aThe continuum of literacy learning, grades 3-8 : _ba guide to teaching/ _cGay Su Pinnell; Irene C. Fountas |
||
| 260 |
_aPortsmouth, N.H. : _bHeinemann, _c2011. |
||
| 300 | _aiv, 247 pages : illustrations ; 28 cm | ||
| 650 | _a Language arts (Elementary) | ||
| 650 | _aReading (Elementary) | ||
| 650 | _aEnglish language -- Composition and exercises -- Study and teaching (Elementary) | ||
| 700 | _a Fountas, Irene C. | ||
| 942 |
_2lcc _cBOOKS _hLB 1576 .P56 2011 |
||